| 000 | 01087cam a2200277 i 4500 | ||
|---|---|---|---|
| 003 | SA-RiAUC | ||
| 005 | 20250802052617.0 | ||
| 008 | 250730s2004 su g 000rp ara c | ||
| 020 | _a9960108074 | ||
| 024 | 0 | _a1424/5070 | |
| 040 |
_aSA-JeALM _bara _cSA-RiAUC _erda |
||
| 082 | 0 | 4 |
_a811.9531 _qSA-RiAUC |
| 090 |
_a811.9531 _bع ث م |
||
| 100 | 1 |
_aعثمان، زاهر عبد الرحمن، _d1377 هجري- _eمؤلف. |
|
| 245 | 1 | 0 |
_aقصائد خضر ويابسات / _cزاهر عبد الرحمن عثمان. |
| 250 | _aالطبعة الأولى. | ||
| 264 | 1 |
_aالرياض : _bزاهر عبد الرحمن عثمان. _c2004. |
|
| 300 |
_a219 صفحة ؛ _c24 سم |
||
| 336 |
_aنص _btxt _2rdacontent _3كتاب |
||
| 337 |
_aبدون وسيط _bn _2rdamedia |
||
| 338 |
_aمجلد _bnc _2rdacarrier |
||
| 500 | _aإهداء من المؤلف زاهر عبد الرحمن عثمان بتاريخ 1426/1/5 هـ | ||
| 650 | 7 |
_aالشعر العربي _zالسعودية _yقرن 14 هجري. _2aucsh |
|
| 942 |
_2ddc _cBOOK _n0 |
||
| 949 |
_aSA-JeALM _d250730 _umohamedma123 _n1 |
||
| 999 |
_c10458 _d10458 |
||